000
00297nam a2200121Ia 4500
008
190216s9999||||xx |||||||||||||| ||und||
100
_a
Panchishkin.A
245
0
_a
Trigonometric Functions
250
_a
1st Ed.
260
_b
Mir Publishers
_c
1988
650
_a
Mathematical Geography
942
_c
BK
999
_c
31027
_d
31027